logo

Bir Sreshtho Munshi Abdur Rouf Library
Jhenaidah Cadet College

দ্বি-জাতি তত্ত্বের সত্য-মিথ্যা / (Record no. 7233)

MARC details
000 -LEADER
fixed length control field 00762nam a22002177a 4500
001 - CONTROL NUMBER
JCCL Control Number 7233
003 - CONTROL NUMBER IDENTIFIER
JCCL marc code BD-JhCC
005 - DATE AND TIME OF LATEST TRANSACTION
control field 20180206170138.0
008 - FIXED-LENGTH DATA ELEMENTS--GENERAL INFORMATION
fixed length control field 180206s1993 |||| |||| 00| 0 d
035 ## - SYSTEM CONTROL NUMBER
system control number (BD-JhCC)7233
040 ## - CATALOGING SOURCE
Original cataloging agency BD-JhCC
Modifying agency BD-JhCC
041 ## - LANGUAGE CODE
Language code of Book eng
082 ## - DEWEY DECIMAL CLASSIFICATION NUMBER
Classification number 954.92
Author mark and Year CHO 1993
100 ## - MAIN ENTRY--PERSONAL NAME
Personal name চৌধুরী, সিরাজুল ইসলাম
245 ## - TITLE STATEMENT
Title দ্বি-জাতি তত্ত্বের সত্য-মিথ্যা /
Statement of responsibility, etc সিরাজুল ইসলাম চৌধুরী
260 ## - PUBLICATION, DISTRIBUTION, ETC. (IMPRINT)
Place of publication, distribution, etc ঢাকা :
Name of publisher, distributor, etc বিদ্যাপ্রকাশ,
Date of publication, distribution, etc ১৯৯৩.
300 ## - PHYSICAL DESCRIPTION
Pagination ১০২ পৃ. :
Dimensions ২২ সেমি.
650 ## - SUBJECT ADDED ENTRY--TOPICAL TERM
Topical term or geographic name as entry element Politics and Government
Geographic subdivision Bangladesh
942 ## - ADDED ENTRY ELEMENTS (KOHA)
Source of classification or shelving scheme Dewey Decimal Classification
Koha item type Books
Holdings
Source of classification or shelving scheme Damaged status Not for loan Home library Current library Shelving location Date of accession Cost, normal purchase price Total Checkouts Full call number Barcode Date last seen Copy number Koha item type
Dewey Decimal Classification     JCC Rouf Library JCC Rouf Library General Stacks 02/06/2018 60.00   954.92 CHO 1993 9836 02/06/2018 C-1 Books
Dewey Decimal Classification     JCC Rouf Library JCC Rouf Library General Stacks 02/10/2018 60.00   954.92 CHO 1993 9988 02/10/2018 C - 2 Books

JCC Library | Contacts | JCC Home

Last Update on 23 September 2017
Copyright @ 2017-2020 JCC Rouf Library
Rouf Library, Jhenidah Cadet College (JCC), Bangladesh